Normal view
MARC view
- البادية الاردنية-الحرة الاردنية الصفاوي- العشائر-الاردن-تالريخ الاردن
Entry Topical Term
001 - CONTROL NUMBER
- control field: 6994
003 - CONTROL NUMBER IDENTIFIER
- control field: JO-AjAnu
005 - DATE AND TIME OF LATEST TRANSACTION
- control field: 20230606071431.0
008 - FIXED-LENGTH DATA ELEMENTS
- fixed length control field: 230606|| aca||aabn | a|a d
040 ## - CATALOGING SOURCE
- Original cataloging agency: JO-AjAnu
- Transcribing agency: JO-AjAnu
150 ## - HEADING--TOPICAL TERM
- Topical term or geographic name entry element: البادية الاردنية-الحرة الاردنية الصفاوي- العشائر-الاردن-تالريخ الاردن
670 ## - SOURCE DATA FOUND
- Source citation: Work cat.: (JO-AjAnu)3622: تاليف الروسان، عاطف محمد نهار, author 6993, الحرة الأردنية... الصفاوي